Das heilige Experiment : (Record no. 187137)
[ view plain ]
| 000 -LEADER | |
|---|---|
| fixed length control field | 00578cam3a220018100 4500 |
| 001 - CONTROL NUMBER | |
| control field | tmp16002583 |
| 003 - CONTROL NUMBER IDENTIFIER | |
| control field | UPRA |
| 005 - DATE AND TIME OF LATEST TRANSACTION | |
| control field | 20190830105633.0 |
| 008 - FIXED-LENGTH DATA ELEMENTS--GENERAL INFORMATION | |
| fixed length control field | 951120s1958 gw ger u |
| 035 ## - SYSTEM CONTROL NUMBER | |
| System control number | (Sirsi) r26421 |
| 035 ## - SYSTEM CONTROL NUMBER | |
| System control number | (UPRA)tmp16002583 |
| 040 ## - CATALOGING SOURCE | |
| Transcribing agency | UPRA |
| 100 1# - MAIN ENTRY--PERSONAL NAME | |
| Personal name | Hochwalder, Fritz, 1911- |
| Dates associated with a name | Hochwalder, Fritz, 1911- |
| Linkage | A90141.1 |
| 245 14 - TITLE STATEMENT | |
| Title | Das heilige Experiment : |
| Remainder of title | Schauspiel in funf Aufzugen / |
| Statement of responsibility, etc. | mit einem Nachwort von Otto Rommel. |
| 260 ## - PUBLICATION, DISTRIBUTION, ETC. | |
| Place of publication, distribution, etc. | Stuttgart : |
| Name of publisher, distributor, etc. | Reclam, |
| Date of publication, distribution, etc. | [1958] |
| 949 ## - LOCAL PROCESSING INFORMATION (OCLC) | |
| a | PT2617.O182 |
| w | lcc |
| i | -27163 |
| m | MAIN |
| t | BOOK |
| l | ON-SHELF |
No items available.